000 00235nam a22001097a 4500
003 OSt
008 250101b |||||||| |||| 00| 0 eng d
041 _aeng
100 _aSham Singh
_96722
245 _aFruit Culture in India
942 _cBK
999 _c18829
_d18829